| 000 | 00448nam a2200145Ia 4500 | ||
|---|---|---|---|
| 008 | 231129s2010||||xx |||||||||||||| ||spa|| | ||
| 020 | _a978-958-45-2819-3 | ||
| 040 | _bspa | ||
| 082 | _a658.402 L962u | ||
| 100 | _aLundin Stephen C. | ||
| 245 | 0 | _aUbuntu: un relato sobre la filosofía africana de trabajo en equipo cooperación y lealtad | |
| 260 | _c2010 | ||
| 264 | _aEditorial Norma | ||
| 942 |
_2ddc _cBKS |
||
| 999 |
_c25758 _d25758 |
||